000 02644cam a2200289 4500500
005 20251228080807.0
041 _afre
042 _adc
100 1 0 _aEmsellem, Sylvie
_eauthor
245 0 0 _aDécrypter les paradoxes des politiques publiques des acteurs institutionnels et associatifs concernant l’accès aux droits et aux services des personnes âgées immigrées
260 _c2016.
500 _a85
520 _aCet article met en évidence deux paradoxes concernant l’accès aux droits et aux services des personnes âgées immigrées. Un premier qui relève des politiques publiques qui affichent le non-recours aux droits des immigrés âgés comme une priorité, alors que les services de l’État intensifient les entraves et les contrôles administratifs auprès de ces personnes, dans un contexte où la réelle priorité semble être l’équilibre des comptes de l’État. Second paradoxe qui résulte d’une approche binaire mobilisant soit une grille d’analyse culturaliste ou à l’opposé une grille d’analyse universaliste, pour comprendre l’accès aux services gérontologiques des immigrés âgés. Une approche des pratiques et des actions qui s’accommode à leur situation économique, migratoire et à leur âge semble la plus adaptée.
520 _aThis paper highlights two prominent paradoxes regarding access to social care services for elderly immigrants. The first resides in the gap between a) the intentions of the public authorities to promote equality for this population and b) the contrasting over scrutiny about details of required documents that impede the implementation and the progress of the requested rights. It seems in the last instance that the unique objective is to obtain financial equilibrium at the expense of completing this policy. Both “culturalist” and “universalist” analysis lack adequate responses to address the difficulties faced by aging immigrants. Only a practical/pragmatic view encompassing economic, migratory and age considerations appears to be the most appropriate attitude.
690 _aculturaliste
690 _aentraves et contrôles administratifs
690 _aimmigrés âgés
690 _anon-recours aux droits et services
690 _auniversaliste
690 _aadministrative obstacles and controls
690 _aculturalist
690 _aelderly immigrants
690 _anon-take up of rights and services
690 _auniversalist
786 0 _nVie sociale | 16 | 4 | 2016-11-23 | p. 53-66 | 0042-5605
856 4 1 _uhttps://shs.cairn.info/revue-vie-sociale-2016-4-page-53?lang=fr&redirect-ssocas=7080
999 _c1598896
_d1598896